| 000 | nam a22 7a 4500 | ||
|---|---|---|---|
| 999 |
_c127583 _d127583 |
||
| 008 | 180308b xxu||||| |||| 00| 0 eng d | ||
| 020 | _a9781599070438 | ||
| 050 |
_aLA1517 _b.E24 2010 |
||
| 100 |
_aMilkias, Paulos ed. _940363 |
||
| 245 |
_aEducation, politics and social change in Ethiopia _cEdited by pauolos Milkias and Messay Kebede |
||
| 260 |
_aLos Angeles _bTsehai Publishers _c2010 |
||
| 300 |
_axii, 216p. ; _c23cm. |
||
| 650 |
_aEthiopia _xEducation, Higher _940364 |
||
| 700 |
_aKebede, Messay ed. _940365 |
||
| 942 |
_2lcc _cMONOGRAPH |
||